[Event "Duisburg Grossenbaum op"]
[Site "Duisburg"]
[Date "2006.06.02"]
[Round "1"]
[White "Strater, Heinz"]
[Black "Bolterauer, Klaus"]
[Result "1-0"]
[WhiteElo "2133"]
[BlackElo "1738"]
[PlyCount "93"]
[EventDate "2006.06.02"]
[EventType "swiss"]
[EventRounds "7"]
[EventCountry "GER"]
[SourceTitle "EXT 2007"]
[Source "ChessBase"]
[SourceDate "2006.11.23"]
[SourceVersion "1"]
[SourceVersionDate "2006.11.23"]
[SourceQuality "1"]

1. e4 Nc6 2. Nf3 g6 3. d4 Bg7 4. c4 d6 5. Nc3 Bg4 6. d5 Nd4 7. Be2 Nxf3+ 8. Bxf3 Bxf3 9. Qxf3 Nf6 10. 0-0 0-0 11. Re1 Nd7 12. Bg5 h6 13. Be3 c5 14. Qh3 h5 15. Rac1 Ne5 16. Bg5 Nxc4 17. b3 Ne5 18. f4 Ng4 19. Ne2 Re8 20. Qf3 b5 21. h3 Nf6 22. f5 Nd7 23. fxg6 fxg6 24. Nf4 Nf8 25. Rf1 Bf6 26. Bh6 Kh7 27. Bxf8 Rxf8 28. Qg3 Rg8 29. Ne6 Qb6 30. Kh1 Rac8 31. Rf3 c4 32. bxc4 Rxc4 33. Rcf1 Rgc8 34. Nf4 Rg8 35. Qe1 b4 36. Qb1 Kh6 37. Rb3 a5 38. a3 Qd4 39. Re1 Qf2 40. Nd3 Qh4 41. axb4 axb4 42. Rxb4 Rc3 43. e5 Qg3 44. exf6 Rxd3 45. fxe7 Re3 46. Rxe3 Qxe3 47. Re4 1-0

[Event "Duisburg Grossenbaum op"]
[Site "Duisburg"]
[Date "2005.05.15"]
[Round "5"]
[White "Coenen, Siegfried"]
[Black "Bolterauer, Klaus"]
[Result "1-0"]
[WhiteElo "2028"]
[BlackElo "1720"]
[PlyCount "67"]
[EventDate "2005.05.13"]
[EventType "swiss"]
[EventRounds "7"]
[EventCountry "GER"]
[SourceTitle "EXT 2006"]
[Source "ChessBase"]
[SourceDate "2005.11.24"]
[SourceVersion "1"]
[SourceVersionDate "2005.11.24"]
[SourceQuality "1"]

1. e4 Nc6 2. Nc3 g6 3. d4 Bg7 4. Nf3 d6 5. h3 Nf6 6. Be3 0-0 7. Qd2 Re8 8. Bb5 Bd7 9. 0-0-0 a6 10. Bc4 b5 11. Bd3 b4 12. Ne2 a5 13. Bh6 Bh8 14. e5 Nd5 15. Bc4 Nb6 16. Bxf7+ Kxf7 17. e6+ Bxe6 18. Ng5+ Kg8 19. Nxe6 Qd7 20. N2f4 Nxd4 21. Rhe1 Nxe6 22. Rxe6 Nc4 23. Qd5 Bxb2+ 24. Kb1 Nb6 25. Rxg6+ Kh8 26. Qf7 e6 27. Rg7 Qxf7 28. Rxf7 Be5 29. Ne2 Nc4 30. f4 Na3+ 31. Kc1 Kg8 32. Rd7 Bh8 33. Rd3 d5 34. Rg3+ 1-0

[Event "Duisburg Grossenbaum op"]
[Site "Duisburg"]
[Date "2005.05.14"]
[Round "2"]
[White "Bolterauer, Klaus"]
[Black "Reichelt, Manfred"]
[Result "0-1"]
[WhiteElo "1720"]
[BlackElo "2087"]
[PlyCount "70"]
[EventDate "2005.05.13"]
[EventType "swiss"]
[EventRounds "7"]
[EventCountry "GER"]
[SourceTitle "EXT 2006"]
[Source "ChessBase"]
[SourceDate "2005.11.24"]
[SourceVersion "1"]
[SourceVersionDate "2005.11.24"]
[SourceQuality "1"]

1. Nc3 d5 2. e4 dxe4 3. Nxe4 Nf6 4. Qe2 Nxe4 5. Qxe4 Nc6 6. Nf3 g6 7. Bb5 Bg7 8. Bxc6+ bxc6 9. Qxc6+ Bd7 10. Qc4 Rb8 11. c3 0-0 12. a4 e5 13. 0-0 Bf5 14. Re1 Bd3 15. Qc5 e4 16. Ne5 Rb6 17. Nxd3 exd3 18. b4 Re8 19. Rxe8+ Qxe8 20. Ba3 Bh6 21. f4 Bxf4 22. Qf2 Rf6 23. g3 Bg5 24. Qg2 Qxa4 25. h4 Bh6 26. b5 Rd6 27. Qa8+ Kg7 28. b6 Bxd2 29. Qxa7 Be3+ 30. Kh2 Qc2+ 31. Kh3 Bxb6 32. Qa8 c5 33. Qb8 Re6 34. Bxc5 Bxc5 35. Ra8 d2 0-1